=LDR 00000nam 2200000 4500 =001 INLIS000000000041486 =005 20130612151022 =008 ***********************************ind** =035 ##$$0010-061300000041486 =041 ##$$a ind =082 ##$$a 790.209 598 233 =090 ##$$a 790.209 598 233, Tun t =100 ##$$a Kanwil Depdikbud =245 ##$$a Tuntunan Seni Kethoprak =260 ##$$b Yogyakarta =300 ##$$a 125 hlm, ilus, 27 cm =850 ##$$a NBPNMAT